Giải pháp phát triển các dịch vụ hỗ trợ doanh nghiệp nhỏ và vừa tại thành phố Cần Thơ : Luận văn Thạc sĩ Kinh tế. Chuyên ngành: Quản trị kinh doanh

Đề tài đánh giá thực trạng các dịch vụ hỗ trợ và tác động của nó đến hiệu quả hoạt động kinh doanh của doanh nghiệp nhỏ và vừa tại thành phố Cần Thơ thời gian qua. Phân tích các yếu tố ảnh hưởng đến các dịch vụ hỗ trợ doanh nghiệp nh...

Cur síos iomlán

Đã lưu trong:
Sonraí Bibleagrafaíochta
Príomhúdar: Võ, Tuấn Ngọc
Formáid: Leabhar
Teanga:Undetermined
Foilsithe: Cần Thơ Trường Đại học Cần Thơ 2010
Ábhair:
Clibeanna: Cuir Clib Leis
Gan Chlibeanna, Bí ar an gcéad duine leis an taifead seo a chlibeáil!
Thư viện lưu trữ: Trung tâm Học liệu Trường Đại học Cần Thơ
LEADER 01579nam a2200229Ia 4500
001 CTU_163954
008 210402s9999 xx 000 0 und d
082 |a 658.022 
082 |b Ng419 
088 |a 60340102 
100 |a Võ, Tuấn Ngọc 
245 0 |a Giải pháp phát triển các dịch vụ hỗ trợ doanh nghiệp nhỏ và vừa tại thành phố Cần Thơ : 
245 0 |b Luận văn Thạc sĩ Kinh tế. Chuyên ngành: Quản trị kinh doanh 
245 0 |c Võ Tuấn Ngọc ; Mai Văn Nam (Hướng dẫn Khoa học) 
260 |a Cần Thơ 
260 |b Trường Đại học Cần Thơ 
260 |c 2010 
520 |a Đề tài đánh giá thực trạng các dịch vụ hỗ trợ và tác động của nó đến hiệu quả hoạt động kinh doanh của doanh nghiệp nhỏ và vừa tại thành phố Cần Thơ thời gian qua. Phân tích các yếu tố ảnh hưởng đến các dịch vụ hỗ trợ doanh nghiệp nhỏ và vừa tại Tp. Cần Thơ. Đề xuất các giải pháp nhằm thúc đẩy và phát triển các dịch vụ hỗ trợ doanh nghiệp nhỏ và vừa tại Tp. Cần Thơ. 
650 |a Small business,Organizational effectiveness,Doanh nghiệp nhỏ,Tổ chức hiệu quả,Business enterprises,Doanh nghiệp kinh doanh 
650 |x Management,Sự quản lý 
904 |i Năm 
980 |a Trung tâm Học liệu Trường Đại học Cần Thơ